|
|
|
|
| LEADER |
00000nam0a2200000 4500 |
| 001 |
15373 |
| 005 |
20231101205018.0 |
| 010 |
|
|
|a 5020134031
|
| 035 |
|
|
|a (RuTPU)RU\TPU\book\15480
|
| 035 |
|
|
|a BOOK00015549
|
| 090 |
|
|
|a 15373
|
| 100 |
|
|
|a 20011209d1990 k y0rusy50 ca
|
| 101 |
0 |
|
|a rus
|
| 102 |
|
|
|a RU
|
| 105 |
|
|
|a y eg 000zy
|
| 200 |
1 |
|
|a Отдельные отрасли социологического знания
|
| 210 |
|
|
|d 1990
|
| 215 |
|
|
|a 231 с.
|
| 461 |
|
|
|t Социология
|o Словарь-справочник
|f Отв. ред. Г. В. Осипов
|v Т. 2
|d 1990
|
| 606 |
1 |
|
|a Социология
|2 stltpush
|3 (RuTPU)RU\TPU\subj\67656
|9 83377
|
| 610 |
1 |
|
|a социология
|
| 610 |
1 |
|
|a справочные издания
|
| 610 |
1 |
|
|a словари
|
| 686 |
|
|
|a С5я2
|v LBC/SL-A
|2 rubbk
|
| 801 |
|
0 |
|a RU
|b 63413507
|c 20011209
|g PSBO
|
| 801 |
|
2 |
|a RU
|b 63413507
|c 20140416
|g PSBO
|
| 900 |
|
|
|a Социология
|
| 942 |
|
|
|c BK
|